000 00694nas a2200241 4500
001 BR0700420
003 BR-BrBNA
005 20231205110515.0
007 ta
008 230509b bl.|||p| |||| 00| 00por d
040 _aBR-BrBNA
_bpor
_cBiblioteca Nacional de Agricultura
041 _a(Pt)
072 _aL70
100 1 _aBaldo, C.F.
100 1 _aNunes, N.
245 1 _aDexmedetomidina, uma nova opção na anestesiologia veterinária
650 _aANESTÉSICO
650 _aVETERINÁRIA
650 _aFARMACOLOGIA
773 0 _tSemina (Brazil)
_xISSN 1676-546X
_g(Jan-Jun 2003), v. 24(1) p. 155-162
_wBR0700420
909 _a202311
_bLúcia
_c55
_dLúcia Elande
942 _2AGRIS
_n0
_cANA
999 _c187665
_d187665